000 00892nam a2200277 i 4500
001 000013333
003 DO-SdBNP
005 20250618093937.0
007 ta
008 091123s1989 dr 000 0 spa d
040 _aDO-SdBNP
_bspa
_cBNPHU
_erda
041 _hspa
082 _aRD868
_bE65t
_222
245 0 3 _aLa era de Trujillo :
_bdecimas, relatos y testimonios campesinos /
_cpresentación José Antinoe Fiallo.
264 1 _aSanto Domingo :
_bMUDE,
_c1989.
300 _a189 páginas
_c21 cm.
336 _atexto
_btxt
_2rdacontent
337 _asin mediación
_bn
_2rdamedia
338 _avolumen
_bnc
_2rdacarrier
590 _aInventariado, 2024/ YL
650 4 _aPoesía dominicana
_966
651 4 _aRepública Dominicana
_xHistoria
_yERA DE TRUJILLO, 1930-1961
_xRelatos Personales
_929001
710 1 _aMujeres en Desarrollo
_930528
910 _aYLockward
942 _2ddc
_cLBS1
999 _c12961
_d12961